[Event "2015 US Junior Closed Championship"]
[Site "Chess Club and Scholastic Center of Saint Louis"]
[Date "2015.07.14"]
[Round "8.2"]
[White "Xiong, Jeffery"]
[Black "Liang, Awonder"]
[Result "1-0"]
[LiveChessVersion "1.4.6"]
[BlackElo "2428"]
[WhiteElo "2606"]

1. d4 {[%clk 1:30:57]} Nf6 {[%clk 1:30:56]} 2. c4 {[%clk 1:31:19]} c5
{[%clk 1:31:21]} 3. d5 {[%clk 1:31:02]} g6 {[%clk 1:31:43]} 4. Nc3
{[%clk 1:30:58]} d6 {[%clk 1:31:38]} 5. e4 {[%clk 1:28:32]} Bg7 {[%clk 1:31:52]}
6. Bd3 {[%clk 1:28:45]} O-O {[%clk 1:30:45]} 7. Nge2 {[%clk 1:28:52]} e6
{[%clk 1:25:52]} 8. O-O {[%clk 1:28:18]} exd5 {[%clk 1:21:54]} 9. cxd5
{[%clk 1:28:14]} b6 {[%clk 1:20:05]} 10. a4 {[%clk 1:24:32]} Na6 {[%clk 1:12:29]}
11. Ng3 {[%clk 1:22:34]} Nc7 {[%clk 1:08:53]} 12. Bf4 {[%clk 1:18:33]} a6
{[%clk 1:04:46]} 13. Qd2 {[%clk 1:14:03]} Re8 {[%clk 1:00:08]} 14. h3
{[%clk 1:07:23]} Rb8 {[%clk 0:55:29]} 15. Rab1 {[%clk 1:05:15]} b5
{[%clk 0:40:47]} 16. axb5 {[%clk 1:05:03]} Nxb5 {[%clk 0:40:26]} 17. Bxb5
{[%clk 1:04:16]} axb5 {[%clk 0:40:51]} 18. b4 {[%clk 1:04:38]} c4
{[%clk 0:35:51]} 19. Ra1 {[%clk 1:03:29]} h5 {[%clk 0:30:17]} 20. Bg5
{[%clk 0:48:41]} Re7 {[%clk 0:20:32]} 21. Ra5 {[%clk 0:39:19]} Reb7
{[%clk 0:18:53]} 22. Qf4 {[%clk 0:36:43]} Qe7 {[%clk 0:13:08]} 23. Qh4
{[%clk 0:35:52]} Bd7 {[%clk 0:05:54]} 24. f4 {[%clk 0:34:54]} Be8
{[%clk 0:05:31]} 25. Kh1 {[%clk 0:33:19]} Rc8 {[%clk 0:05:16]} 26. Ra6
{[%clk 0:32:48]} Rcc7 {[%clk 0:05:24]} 27. e5 {[%clk 0:32:58]} 1-0

[Event "2015 US Junior Closed Championship"]
[Site "Chess Club and Scholastic Center of Saint Louis"]
[Date "2015.07.14"]
[Round "8.3"]
[White "Liou, Yian"]
[Black "Brattain, Mika"]
[Result "1-0"]
[LiveChessVersion "1.4.6"]
[BlackElo "2457"]
[WhiteElo "2501"]

1. e4 {[%clk 1:30:58]} d6 {[%clk 1:30:41]} 2. d4 {[%clk 1:31:24]} Nf6
{[%clk 1:31:04]} 3. Nc3 {[%clk 1:31:52]} c6 {[%clk 1:31:28]} 4. f4
{[%clk 1:32:10]} Qa5 {[%clk 1:31:45]} 5. Bd3 {[%clk 1:32:32]} e5 {[%clk 1:31:55]}
6. Nf3 {[%clk 1:32:58]} exd4 {[%clk 1:32:17]} 7. Nxd4 {[%clk 1:33:21]} g6
{[%clk 1:32:41]} 8. h3 {[%clk 1:32:35]} Bg7 {[%clk 1:32:20]} 9. Be3
{[%clk 1:32:51]} Qc7 {[%clk 1:29:02]} 10. g4 {[%clk 1:26:03]} O-O
{[%clk 1:15:01]} 11. Qf3 {[%clk 1:19:31]} b5 {[%clk 1:08:19]} 12. a3
{[%clk 1:12:58]} a6 {[%clk 1:04:07]} 13. g5 {[%clk 1:12:53]} Nh5 {[%clk 1:00:59]}
14. Be2 {[%clk 1:03:57]} c5 {[%clk 0:59:02]} 15. Nd5 {[%clk 0:55:32]} Qd8
{[%clk 0:50:24]} 16. Nf5 {[%clk 0:55:42]} gxf5 {[%clk 0:43:57]} 17. Qxh5
{[%clk 0:55:57]} fxe4 {[%clk 0:31:41]} 18. Bg4 {[%clk 0:52:34]} Nc6
{[%clk 0:29:51]} 19. f5 {[%clk 0:47:59]} Re8 {[%clk 0:28:04]} 20. O-O-O
{[%clk 0:45:17]} Bd7 {[%clk 0:23:27]} 21. Nf6+ {[%clk 0:41:53]} Bxf6
{[%clk 0:23:50]} 22. gxf6 {[%clk 0:42:21]} Qxf6 {[%clk 0:19:35]} 23. Bg5
{[%clk 0:42:20]} Qg7 {[%clk 0:19:50]} 24. Rxd6 {[%clk 0:42:28]} 1-0

[Event "2015 US Junior Closed Championship"]
[Site "Chess Club and Scholastic Center of Saint Louis"]
[Date "2015.07.14"]
[Round "8.4"]
[White "Li, Ruifeng"]
[Black "Han, Curran"]
[Result "1-0"]
[LiveChessVersion "1.4.6"]
[BlackElo "2211"]
[WhiteElo "2502"]

1. e4 {[%clk 1:30:57]} c5 {[%clk 1:30:58]} 2. Nc3 {[%clk 1:31:21]} d6
{[%clk 1:31:25]} 3. g3 {[%clk 1:31:14]} Nc6 {[%clk 1:30:57]} 4. Bg2
{[%clk 1:31:39]} g6 {[%clk 1:31:25]} 5. d3 {[%clk 1:32:03]} Bg7 {[%clk 1:31:52]}
6. Be3 {[%clk 1:32:29]} e6 {[%clk 1:31:38]} 7. Qd2 {[%clk 1:32:54]} Nd4
{[%clk 1:31:18]} 8. Nd1 {[%clk 1:31:42]} b6 {[%clk 1:19:43]} 9. c3
{[%clk 1:31:28]} Nc6 {[%clk 1:19:54]} 10. Ne2 {[%clk 1:30:48]} Bb7
{[%clk 1:18:25]} 11. O-O {[%clk 1:30:49]} Nge7 {[%clk 1:18:34]} 12. Bh6
{[%clk 1:29:23]} O-O {[%clk 1:18:51]} 13. Bxg7 {[%clk 1:29:40]} Kxg7
{[%clk 1:19:18]} 14. Ne3 {[%clk 1:28:45]} Qd7 {[%clk 1:14:42]} 15. d4
{[%clk 1:20:07]} cxd4 {[%clk 1:01:20]} 16. cxd4 {[%clk 1:14:24]} d5
{[%clk 0:58:41]} 17. e5 {[%clk 1:11:56]} h5 {[%clk 0:58:03]} 18. Nf4
{[%clk 1:09:50]} Rh8 {[%clk 0:52:54]} 19. h4 {[%clk 1:09:23]} Na5
{[%clk 0:51:11]} 20. b3 {[%clk 1:08:49]} Qb5 {[%clk 0:50:29]} 21. Rfc1
{[%clk 1:07:26]} Qd7 {[%clk 0:48:02]} 22. Bf3 {[%clk 1:03:11]} Nac6
{[%clk 0:43:21]} 23. Nh3 {[%clk 0:57:46]} Ng8 {[%clk 0:41:36]} 24. Ng5
{[%clk 0:57:35]} Nh6 {[%clk 0:40:33]} 25. Be2 {[%clk 0:55:27]} Ne7
{[%clk 0:39:13]} 26. Ng2 {[%clk 0:54:30]} Nhf5 {[%clk 0:38:39]} 27. Qf4
{[%clk 0:54:04]} Rac8 {[%clk 0:34:40]} 28. Ne3 {[%clk 0:53:09]} Rxc1+
{[%clk 0:31:18]} 29. Rxc1 {[%clk 0:53:34]} Rc8 {[%clk 0:31:44]} 30. Rd1
{[%clk 0:50:20]} Rc3 {[%clk 0:27:50]} 31. Nxf5+ {[%clk 0:50:02]} Nxf5
{[%clk 0:21:36]} 32. Bd3 {[%clk 0:49:16]} Qc8 {[%clk 0:19:29]} 33. Nh3
{[%clk 0:45:53]} Ba6 {[%clk 0:13:33]} 34. Bxf5 {[%clk 0:45:05]} exf5
{[%clk 0:14:00]} 35. Qg5 {[%clk 0:45:16]} Kg8 {[%clk 0:13:18]} 36. Re1
{[%clk 0:43:34]} Rc6 {[%clk 0:12:31]} 37. Kh2 {[%clk 0:42:03]} Bd3
{[%clk 0:07:43]} 38. Nf4 {[%clk 0:38:10]} Be4 {[%clk 0:08:07]} 39. e6
{[%clk 0:35:58]} Kh7 {[%clk 0:02:48]} 40. Qf6 {[%clk 1:03:33]} Qg8
{[%clk 0:32:34]} 41. Qe7 {[%clk 1:00:44]} Kg7 {[%clk 0:28:31]} 42. Qd7
{[%clk 1:00:56]} Rc2 {[%clk 0:26:33]} 43. e7 {[%clk 1:01:19]} 1-0

[Event "2015 US Junior Closed Championship"]
[Site "Chess Club and Scholastic Center of Saint Louis"]
[Date "2015.07.14"]
[Round "8.5"]
[White "Harmon-Vellotti, Luke"]
[Black "Bodek, Michael"]
[Result "0-1"]
[LiveChessVersion "1.4.6"]
[BlackElo "2527"]
[WhiteElo "2526"]

1. d4 {[%clk 1:30:51]} Nf6 {[%clk 1:30:44]} 2. c4 {[%clk 1:31:06]} e6
{[%clk 1:31:07]} 3. Nc3 {[%clk 1:31:21]} Bb4 {[%clk 1:31:31]} 4. Qc2
{[%clk 1:31:16]} d5 {[%clk 1:31:53]} 5. cxd5 {[%clk 1:31:03]} exd5
{[%clk 1:32:15]} 6. Bg5 {[%clk 1:31:19]} h6 {[%clk 1:32:29]} 7. Bxf6
{[%clk 1:30:34]} Qxf6 {[%clk 1:32:51]} 8. a3 {[%clk 1:30:34]} Bxc3+
{[%clk 1:32:48]} 9. Qxc3 {[%clk 1:27:26]} O-O {[%clk 1:32:54]} 10. Nf3
{[%clk 1:23:21]} c6 {[%clk 1:29:56]} 11. e3 {[%clk 1:23:06]} Re8 {[%clk 1:28:53]}
12. Bd3 {[%clk 1:18:14]} Bf5 {[%clk 1:25:24]} 13. Bxf5 {[%clk 1:14:58]} Qxf5
{[%clk 1:25:46]} 14. Qb4 {[%clk 1:15:13]} Qc8 {[%clk 1:22:27]} 15. O-O
{[%clk 1:13:14]} Nd7 {[%clk 1:17:15]} 16. Rfc1 {[%clk 1:10:22]} Nf6
{[%clk 1:09:08]} 17. Ne5 {[%clk 1:03:43]} Ne4 {[%clk 1:05:23]} 18. f3
{[%clk 1:01:43]} Nf6 {[%clk 1:04:27]} 19. Kf2 {[%clk 0:57:14]} Nd7
{[%clk 1:02:16]} 20. Nd3 {[%clk 0:56:03]} Qc7 {[%clk 0:59:52]} 21. h3
{[%clk 0:44:02]} Nf6 {[%clk 0:54:00]} 22. Nf4 {[%clk 0:36:52]} Re7
{[%clk 0:51:03]} 23. Qd2 {[%clk 0:35:22]} Rae8 {[%clk 0:50:15]} 24. Rc3
{[%clk 0:34:44]} g5 {[%clk 0:45:23]} 25. Ne2 {[%clk 0:34:18]} Nh5
{[%clk 0:43:58]} 26. Qc2 {[%clk 0:30:54]} Ng7 {[%clk 0:36:56]} 27. h4
{[%clk 0:19:53]} Qh2 {[%clk 0:34:54]} 28. hxg5 {[%clk 0:14:25]} Qh4+
{[%clk 0:34:49]} 29. Kg1 {[%clk 0:13:12]} hxg5 {[%clk 0:31:23]} 30. Rd1
{[%clk 0:08:44]} Rxe3 {[%clk 0:31:04]} 31. Rxe3 {[%clk 0:09:10]} Rxe3
{[%clk 0:31:27]} 32. Kf1 {[%clk 0:09:37]} Re8 {[%clk 0:29:38]} 33. Kg1
{[%clk 0:07:43]} Nh5 {[%clk 0:27:48]} 34. Qd3 {[%clk 0:06:35]} Re6
{[%clk 0:26:32]} 35. b4 {[%clk 0:05:36]} Nf4 {[%clk 0:22:27]} 36. Nxf4
{[%clk 0:06:01]} Qxf4 {[%clk 0:22:49]} 37. a4 {[%clk 0:04:16]} a6
{[%clk 0:21:09]} 38. b5 {[%clk 0:02:10]} cxb5 {[%clk 0:20:07]} 39. axb5
{[%clk 0:02:36]} a5 {[%clk 0:19:58]} 40. Qb3 {[%clk 0:32:20]} b6 {[%clk 0:47:14]}
41. Qc2 {[%clk 0:28:37]} Qe3+ {[%clk 0:39:48]} 42. Qf2 {[%clk 0:24:36]} Re8
{[%clk 0:39:54]} 43. g4 {[%clk 0:19:00]} Qb3 {[%clk 0:33:59]} 44. Rc1
{[%clk 0:18:00]} Qd3 {[%clk 0:33:35]} 45. Kh1 {[%clk 0:12:49]} Re2
{[%clk 0:31:20]} 46. Qg3 {[%clk 0:13:11]} Qxd4 {[%clk 0:31:16]} 47. Qh3
{[%clk 0:11:50]} Re8 {[%clk 0:31:06]} 48. Qh6 {[%clk 0:10:05]} Qf4
{[%clk 0:30:33]} 49. Rf1 {[%clk 0:10:20]} Re6 {[%clk 0:30:27]} 50. Qh3
{[%clk 0:10:23]} d4 {[%clk 0:29:32]} 0-1

[Event "2015 US Junior Closed Championship"]
[Site "Chess Club and Scholastic Center of Saint Louis"]
[Date "2015.07.15"]
[Round "9.1"]
[White "Liang, Awonder"]
[Black "Chandra, Akshat"]
[Result "0-1"]
[LiveChessVersion "1.4.6"]
[BlackElo "2589"]
[WhiteElo "2428"]

1. e4 {[%clk 1:30:58]} c5 {[%clk 1:30:55]} 2. Nf3 {[%clk 1:31:24]} e6
{[%clk 1:31:15]} 3. d4 {[%clk 1:31:49]} cxd4 {[%clk 1:31:42]} 4. Nxd4
{[%clk 1:32:14]} Nc6 {[%clk 1:32:07]} 5. Nc3 {[%clk 1:29:16]} Qc7
{[%clk 1:32:31]} 6. Be3 {[%clk 1:29:32]} a6 {[%clk 1:32:55]} 7. Bd3
{[%clk 1:29:38]} Nf6 {[%clk 1:31:47]} 8. O-O {[%clk 1:29:59]} Nxd4
{[%clk 1:30:54]} 9. Bxd4 {[%clk 1:29:58]} Bc5 {[%clk 1:31:17]} 10. Bxc5
{[%clk 1:28:53]} Qxc5 {[%clk 1:29:23]} 11. Kh1 {[%clk 1:28:48]} O-O
{[%clk 1:25:26]} 12. f4 {[%clk 1:29:06]} d6 {[%clk 1:25:09]} 13. Qe1
{[%clk 1:29:20]} e5 {[%clk 1:16:31]} 14. Qh4 {[%clk 1:29:41]} Bd7
{[%clk 0:42:34]} 15. Rae1 {[%clk 1:22:58]} exf4 {[%clk 0:38:31]} 16. Rxf4
{[%clk 1:07:32]} Qh5 {[%clk 0:36:47]} 17. Qf2 {[%clk 0:55:28]} Ng4
{[%clk 0:29:53]} 18. Qg3 {[%clk 0:55:08]} Ne5 {[%clk 0:29:30]} 19. Rf6
{[%clk 0:51:03]} Nxd3 {[%clk 0:18:43]} 20. cxd3 {[%clk 0:51:19]} Be6
{[%clk 0:18:28]} 21. d4 {[%clk 0:45:27]} Kh8 {[%clk 0:18:55]} 22. Rf3
{[%clk 0:43:44]} Rad8 {[%clk 0:18:06]} 23. a3 {[%clk 0:42:05]} Rfe8
{[%clk 0:12:59]} 24. h3 {[%clk 0:39:59]} f6 {[%clk 0:11:47]} 25. Rfe3
{[%clk 0:28:20]} Qa5 {[%clk 0:09:57]} 26. Qf2 {[%clk 0:25:06]} Qb6
{[%clk 0:09:35]} 27. Qd2 {[%clk 0:25:00]} Rc8 {[%clk 0:08:08]} 28. Ne2
{[%clk 0:23:40]} Rc4 {[%clk 0:06:19]} 29. Rc1 {[%clk 0:23:01]} Rxc1+
{[%clk 0:06:10]} 30. Qxc1 {[%clk 0:23:17]} Bd7 {[%clk 0:05:46]} 31. Qd2
{[%clk 0:20:59]} Qb5 {[%clk 0:04:12]} 32. Kh2 {[%clk 0:17:52]} Qg5
{[%clk 0:04:04]} 33. Qc3 {[%clk 0:13:54]} f5 {[%clk 0:02:49]} 34. e5
{[%clk 0:06:09]} f4 {[%clk 0:02:54]} 35. Rd3 {[%clk 0:05:11]} dxe5
{[%clk 0:02:54]} 36. dxe5 {[%clk 0:03:26]} Bc6 {[%clk 0:03:17]} 37. g3
{[%clk 0:03:30]} f3 {[%clk 0:01:39]} 38. Nf4 {[%clk 0:02:06]} f2 {[%clk 0:01:49]}
39. Rd1 Bb5 40. h4 {[%clk 0:30:36]} Qg4 {[%clk 0:32:23]} 41. Qc1 {[%clk 0:29:07]}
Qxd1 {[%clk 0:31:18]} 0-1

[Event "2015 US Junior Closed Championship"]
[Site "Chess Club and Scholastic Center of Saint Louis"]
[Date "2015.07.15"]
[Round "9.2"]
[White "Han, Curran"]
[Black "Xiong, Jeffery"]
[Result "0-1"]
[LiveChessVersion "1.4.6"]
[BlackElo "2606"]
[WhiteElo "2211"]

1. d4 {[%clk 1:30:57]} Nf6 {[%clk 1:30:52]} 2. c4 {[%clk 1:31:23]} g6
{[%clk 1:31:15]} 3. Nc3 {[%clk 1:31:48]} d5 {[%clk 1:31:37]} 4. cxd5
{[%clk 1:28:01]} Nxd5 {[%clk 1:31:26]} 5. e4 {[%clk 1:27:46]} Nxc3
{[%clk 1:31:48]} 6. bxc3 {[%clk 1:28:12]} Bg7 {[%clk 1:32:10]} 7. Nf3
{[%clk 1:28:38]} c5 {[%clk 1:32:28]} 8. Be3 {[%clk 1:29:06]} Bg4 {[%clk 1:28:01]}
9. Bb5+ {[%clk 1:21:43]} Nc6 {[%clk 1:26:16]} 10. O-O {[%clk 1:18:54]} cxd4
{[%clk 1:14:21]} 11. cxd4 {[%clk 1:19:10]} O-O {[%clk 1:14:44]} 12. Bxc6
{[%clk 1:15:38]} bxc6 {[%clk 1:14:56]} 13. Rc1 {[%clk 1:16:04]} Rc8
{[%clk 1:03:05]} 14. Qa4 {[%clk 1:10:29]} Bxf3 {[%clk 1:03:08]} 15. gxf3
{[%clk 1:10:55]} Qd7 {[%clk 1:03:16]} 16. d5 {[%clk 1:05:00]} Qh3
{[%clk 1:03:27]} 17. dxc6 {[%clk 0:53:45]} Qxf3 {[%clk 0:55:19]} 18. Rc4
{[%clk 0:40:53]} Be5 {[%clk 0:54:24]} 19. Re1 {[%clk 0:37:53]} Qg4+
{[%clk 0:54:30]} 20. Kf1 {[%clk 0:37:37]} Rfd8 {[%clk 0:49:52]} 21. Qb5
{[%clk 0:32:11]} Qh3+ {[%clk 0:47:11]} 22. Ke2 {[%clk 0:32:36]} Qh5+
{[%clk 0:47:03]} 23. Kf1 {[%clk 0:30:45]} Qxh2 {[%clk 0:46:58]} 24. Qb7
{[%clk 0:27:24]} Rc7 {[%clk 0:36:46]} 25. Qa6 {[%clk 0:26:44]} Qh3+
{[%clk 0:35:17]} 26. Ke2 {[%clk 0:27:09]} Qg4+ {[%clk 0:35:36]} 27. Kf1
{[%clk 0:27:12]} h5 {[%clk 0:35:50]} 28. Qa5 {[%clk 0:26:07]} f6 {[%clk 0:28:08]}
29. Bd4 {[%clk 0:24:53]} Qh3+ {[%clk 0:26:34]} 30. Ke2 {[%clk 0:25:12]} Rcc8
{[%clk 0:26:22]} 31. Qxa7 {[%clk 0:21:18]} Ra8 {[%clk 0:26:06]} 32. c7
{[%clk 0:20:59]} Bxc7 {[%clk 0:26:14]} 33. Qxc7 {[%clk 0:20:36]} Rxa2+
{[%clk 0:26:35]} 34. Rc2 {[%clk 0:20:17]} Rxd4 {[%clk 0:26:47]} 0-1

[Event "2015 US Junior Closed Championship"]
[Site "Chess Club and Scholastic Center of Saint Louis"]
[Date "2015.07.15"]
[Round "9.3"]
[White "Brattain, Mika"]
[Black "Li, Ruifeng"]
[Result "1/2-1/2"]
[LiveChessVersion "1.4.6"]
[BlackElo "2502"]
[WhiteElo "2457"]

1. Nf3 {[%clk 1:30:59]} c5 {[%clk 1:30:49]} 2. c4 {[%clk 1:31:11]} Nc6
{[%clk 1:31:12]} 3. Nc3 {[%clk 1:31:19]} e5 {[%clk 1:31:33]} 4. g3
{[%clk 1:30:26]} d6 {[%clk 1:31:56]} 5. Bg2 {[%clk 1:30:31]} f5 {[%clk 1:32:20]}
6. d3 {[%clk 1:28:43]} Nf6 {[%clk 1:32:45]} 7. Bg5 {[%clk 1:23:28]} Be7
{[%clk 1:32:11]} 8. Bxf6 {[%clk 1:20:46]} Bxf6 {[%clk 1:32:34]} 9. Nd2
{[%clk 1:21:03]} O-O {[%clk 1:31:17]} 10. O-O {[%clk 1:17:13]} Be6
{[%clk 1:29:31]} 11. Nd5 {[%clk 1:16:23]} Bg5 {[%clk 1:26:44]} 12. Nb1
{[%clk 1:10:38]} Qd7 {[%clk 1:26:08]} 13. Nbc3 {[%clk 0:52:27]} f4
{[%clk 1:24:00]} 14. Ne4 {[%clk 0:46:11]} Bh6 {[%clk 1:24:19]} 15. Rb1
{[%clk 0:44:49]} Nd4 {[%clk 1:23:18]} 16. Nd2 {[%clk 0:42:57]} Rae8
{[%clk 1:13:17]} 17. Nf3 {[%clk 0:39:49]} Bg4 {[%clk 1:11:01]} 18. Nxd4
{[%clk 0:31:50]} exd4 {[%clk 1:11:21]} 19. Bf3 {[%clk 0:30:00]} Bh3
{[%clk 1:06:31]} 20. Re1 {[%clk 0:29:33]} Qf7 {[%clk 1:06:33]} 21. g4
{[%clk 0:24:54]} Qg6 {[%clk 1:04:36]} 22. Kh1 {[%clk 0:21:51]} Bxg4
{[%clk 1:04:44]} 23. Bxg4 {[%clk 0:20:02]} Qxg4 {[%clk 1:05:06]} 24. f3
{[%clk 0:20:26]} Qh3 {[%clk 1:00:30]} 25. Rg1 {[%clk 0:20:00]} Re5
{[%clk 1:00:23]} 26. Rg2 {[%clk 0:19:25]} Bg5 {[%clk 0:55:15]} 27. b4
{[%clk 0:17:28]} b6 {[%clk 0:55:26]} 28. Qg1 {[%clk 0:15:31]} Qh6
{[%clk 0:54:29]} 29. a4 {[%clk 0:13:24]} Bd8 {[%clk 0:53:03]} 30. Rb2
{[%clk 0:09:38]} Rf7 {[%clk 0:50:44]} 31. a5 {[%clk 0:08:23]} Qe6
{[%clk 0:40:31]} 32. axb6 {[%clk 0:07:42]} Bxb6 {[%clk 0:39:21]} 33. b5
{[%clk 0:07:43]} g6 {[%clk 0:38:07]} 34. Qd1 {[%clk 0:06:27]} Kg7
{[%clk 0:37:32]} 35. Qb3 {[%clk 0:05:48]} Rff5 {[%clk 0:36:22]} 36. Qa2
{[%clk 0:04:24]} Rg5 {[%clk 0:33:10]} 37. Rxg5 {[%clk 0:04:26]} Rxg5
{[%clk 0:33:32]} 38. Rb1 {[%clk 0:04:29]} Rf5 {[%clk 0:30:37]} 39. Rg1
{[%clk 0:04:33]} Rf7 {[%clk 0:23:33]} 40. Rg4 {[%clk 0:34:32]} Qe5
{[%clk 0:52:54]} 41. Rg2 {[%clk 0:33:34]} Bd8 {[%clk 0:50:17]} 42. Qa6
{[%clk 0:32:02]} Qe6 {[%clk 0:50:29]} 43. Qc6 {[%clk 0:29:38]} h5
{[%clk 0:43:17]} 44. Qa8 {[%clk 0:27:36]} Bb6 {[%clk 0:41:25]} 45. Qb8
{[%clk 0:24:59]} h4 {[%clk 0:40:00]} 46. Rg4 {[%clk 0:12:48]} Qxe2
{[%clk 0:38:44]} 47. Rxg6+ {[%clk 0:12:59]} Kxg6 {[%clk 0:39:09]} 48. Nxf4+
{[%clk 0:13:10]} Rxf4 {[%clk 0:39:06]} 49. Qg8+ {[%clk 0:13:36]} Kf6
{[%clk 0:38:40]} 50. Qf8+ {[%clk 0:14:00]} Kg6 {[%clk 0:39:03]} 51. Qg8+
{[%clk 0:14:25]} Kh6 {[%clk 0:39:28]} 52. Qh8+ {[%clk 0:14:50]} Kg5
{[%clk 0:39:52]} 53. Qg7+ {[%clk 0:15:00]} Kh5 {[%clk 0:40:16]} 54. Qh7+
{[%clk 0:15:25]} 1/2-1/2

[Event "2015 US Junior Closed Championship"]
[Site "Chess Club and Scholastic Center of Saint Louis"]
[Date "2015.07.15"]
[Round "9.4"]
[White "Bodek, Michael"]
[Black "Liou, Yian"]
[Result "*"]
[LiveChessVersion "1.4.6"]
[BlackElo "2501"]
[WhiteElo "2527"]

1. c4 {[%clk 1:30:57]} c6 {[%clk 1:30:57]} 2. e4 {[%clk 1:31:20]} d5
{[%clk 1:31:25]} 3. exd5 {[%clk 1:31:37]} cxd5 {[%clk 1:31:53]} 4. d4
{[%clk 1:31:45]} Nf6 {[%clk 1:32:16]} 5. Nc3 {[%clk 1:32:07]} g6 {[%clk 1:32:36]}
6. Qb3 {[%clk 1:32:06]} Bg7 {[%clk 1:31:53]} 7. cxd5 {[%clk 1:32:08]} O-O
{[%clk 1:31:57]} 8. Nge2 {[%clk 1:32:03]} Na6 {[%clk 1:29:28]} 9. g3
{[%clk 1:31:55]} Qb6 {[%clk 1:20:56]} 10. Qxb6 {[%clk 1:31:52]} axb6
{[%clk 1:21:24]} 11. Bg2 {[%clk 1:32:14]} Nb4 {[%clk 1:21:46]} 12. O-O
{[%clk 1:31:58]} Rd8 {[%clk 1:21:59]} 13. d6 {[%clk 1:31:08]} Rxd6
{[%clk 1:22:23]} 14. Bf4 {[%clk 1:31:32]} Rd7 {[%clk 1:20:11]} 15. Be5
{[%clk 1:30:12]} Nd3 {[%clk 1:14:03]} 16. Bxf6 {[%clk 1:11:24]} Bxf6
{[%clk 1:10:33]} 17. Nd5 {[%clk 1:09:27]} Rd6 {[%clk 1:06:04]} 18. Nec3
{[%clk 1:03:07]} Nxb2 {[%clk 0:47:09]} 19. Ne4 {[%clk 0:53:33]} Rd8
{[%clk 0:46:18]} 20. Nexf6+ {[%clk 0:53:27]} exf6 {[%clk 0:46:44]} 21. Nxb6
{[%clk 0:53:44]} Ra5 {[%clk 0:45:25]} 22. Rfb1 {[%clk 0:37:42]} Na4
{[%clk 0:44:39]} 23. Nxc8 {[%clk 0:36:22]} Rxc8 {[%clk 0:44:54]} 24. Rxb7
{[%clk 0:34:09]} Nc3 {[%clk 0:41:21]} 25. Bf3 {[%clk 0:30:02]} f5
{[%clk 0:31:41]} 26. Kg2 {[%clk 0:26:43]} Ra4 {[%clk 0:21:34]} 27. Rd7
{[%clk 0:21:46]} Rcc4 {[%clk 0:18:52]} 28. d5 {[%clk 0:15:01]} Rd4
{[%clk 0:18:27]} 29. Rc1 {[%clk 0:09:43]} Ra3 {[%clk 0:16:59]} 30. Rc2
{[%clk 0:09:23]} Kg7 {[%clk 0:14:03]} 31. Rb2 {[%clk 0:07:53]} Ra8
{[%clk 0:10:28]} 32. Rc7 {[%clk 0:07:23]} Ne4 {[%clk 0:09:13]} 33. Bxe4
{[%clk 0:07:27]} fxe4 {[%clk 0:09:40]} 34. Rbb7 {[%clk 0:07:45]} Rf8
{[%clk 0:10:00]} 35. Re7 {[%clk 0:07:52]} Rxd5 {[%clk 0:08:34]} 36. Rxe4
{[%clk 0:08:17]} Rf5 {[%clk 0:08:50]} 37. Rbb4 {[%clk 0:07:29]} g5
{[%clk 0:07:18]} 38. a4 {[%clk 0:07:04]} Ra8 {[%clk 0:07:04]} 39. Rb5
{[%clk 0:07:13]} Rxa4 {[%clk 0:07:15]} 40. Rxf5 {[%clk 0:37:26]} Rxe4
{[%clk 0:37:42]} 41. Rxg5+ {[%clk 0:37:51]} Kf6 {[%clk 0:37:44]} 42. Ra5
{[%clk 0:38:05]} Rb4 {[%clk 0:37:27]} 43. Ra6+ {[%clk 0:38:11]} Kg7
{[%clk 0:37:55]} 44. Kh3 {[%clk 0:38:02]} Rb2 {[%clk 0:37:43]} 45. Kg2
{[%clk 0:37:19]} Rb4 {[%clk 0:36:14]} 46. Rd6 {[%clk 0:37:40]} Ra4
{[%clk 0:36:19]} 47. Rb6 {[%clk 0:36:11]} Rc4 {[%clk 0:36:35]} 48. f3
{[%clk 0:32:29]} Rc2+ {[%clk 0:33:50]} 49. Kh3 {[%clk 0:32:44]} Rf2
{[%clk 0:33:30]} 50. Rb3 {[%clk 0:32:55]} h5 {[%clk 0:31:38]} 51. g4
{[%clk 0:32:26]} hxg4+ {[%clk 0:31:40]} 52. fxg4 {[%clk 0:32:50]} f6
{[%clk 0:20:36]} 53. Kg3 {[%clk 0:29:48]} Rf1 {[%clk 0:20:44]} 54. h4
{[%clk 0:28:43]} Kg6 {[%clk 0:19:05]} 55. Rb5 {[%clk 0:28:47]} Ra1
{[%clk 0:14:55]} 56. h5+ {[%clk 0:28:01]} Kh6 {[%clk 0:14:53]} 57. Rb8
{[%clk 0:26:27]} Rg1+ {[%clk 0:11:55]} 58. Kf3 {[%clk 0:26:08]} Rf1+
{[%clk 0:10:01]} *

[Event "2015 US Junior Closed Championship"]
[Site "Chess Club and Scholastic Center of Saint Louis"]
[Date "2015.07.15"]
[Round "9.5"]
[White "Shen, Arthur"]
[Black "Harmon-Vellotti, Luke"]
[Result "1-0"]
[LiveChessVersion "1.4.6"]
[BlackElo "2526"]
[WhiteElo "2477"]

1. e4 {[%clk 1:30:57]} c6 {[%clk 1:30:44]} 2. d4 {[%clk 1:31:21]} d5
{[%clk 1:31:07]} 3. Nc3 {[%clk 1:31:45]} dxe4 {[%clk 1:31:24]} 4. Nxe4
{[%clk 1:32:08]} Bf5 {[%clk 1:31:36]} 5. Ng3 {[%clk 1:32:30]} Bg6
{[%clk 1:31:51]} 6. h4 {[%clk 1:32:52]} h6 {[%clk 1:32:15]} 7. Nf3
{[%clk 1:33:16]} Nd7 {[%clk 1:32:36]} 8. h5 {[%clk 1:33:40]} Bh7 {[%clk 1:33:04]}
9. Bd3 {[%clk 1:34:01]} Bxd3 {[%clk 1:33:29]} 10. Qxd3 {[%clk 1:34:24]} e6
{[%clk 1:33:55]} 11. Bd2 {[%clk 1:34:47]} Ngf6 {[%clk 1:34:14]} 12. O-O-O
{[%clk 1:35:07]} Be7 {[%clk 1:34:37]} 13. Kb1 {[%clk 1:35:31]} O-O
{[%clk 1:35:00]} 14. Ne4 {[%clk 1:35:52]} c5 {[%clk 1:35:04]} 15. g4
{[%clk 1:35:12]} Nxg4 {[%clk 1:34:46]} 16. Qe2 {[%clk 1:33:49]} Qb6
{[%clk 1:21:33]} 17. Ne5 {[%clk 1:32:18]} Ndxe5 {[%clk 1:14:42]} 18. dxe5
{[%clk 1:32:36]} f5 {[%clk 1:15:07]} 19. exf6 {[%clk 1:21:40]} Nxf6
{[%clk 1:15:25]} 20. Nc3 {[%clk 1:21:37]} Rad8 {[%clk 1:08:43]} 21. Rhg1
{[%clk 1:12:07]} Kh8 {[%clk 1:07:30]} 22. Rg6 {[%clk 1:08:33]} Rf7
{[%clk 0:54:34]} 23. Rdg1 {[%clk 1:00:47]} Qd6 {[%clk 0:37:23]} 24. Bc1
{[%clk 1:00:27]} a6 {[%clk 0:36:44]} 25. b3 {[%clk 0:57:31]} b5 {[%clk 0:24:20]}
26. Bb2 {[%clk 0:52:31]} Qc6 {[%clk 0:24:12]} 27. Qe3 {[%clk 0:44:18]} c4
{[%clk 0:16:55]} 28. Qg3 {[%clk 0:28:55]} Bf8 {[%clk 0:12:54]} 29. Nxb5
{[%clk 0:15:05]} cxb3 {[%clk 0:09:50]} 30. axb3 {[%clk 0:15:31]} Rd2
{[%clk 0:07:38]} 31. Nd4 {[%clk 0:15:47]} Qe4 {[%clk 0:06:41]} 32. f3
{[%clk 0:15:57]} Qd5 {[%clk 0:06:24]} 33. Qf4 {[%clk 0:14:56]} Rf2
{[%clk 0:05:38]} 34. Qe3 {[%clk 0:14:35]} Rh2 {[%clk 0:06:03]} 35. Nxe6
{[%clk 0:14:14]} Qf5 {[%clk 0:02:25]} 36. Qxh6+ {[%clk 0:11:51]} Nh7
{[%clk 0:02:53]} 37. Qc1 {[%clk 0:10:55]} Nf6 {[%clk 0:02:11]} 38. Nxf8
{[%clk 0:10:57]} Rxf8 {[%clk 0:02:00]} 39. Bxf6 {[%clk 0:10:57]} 1-0